Т. 331, № 2; Известия Томского политехнического университета [Известия ТПУ]. Инжиниринг георесурсов

Podrobná bibliografie
Parent link:Известия Томского политехнического университета [Известия ТПУ]. Инжиниринг георесурсов/ Национальный исследовательский Томский политехнический университет (ТПУ). Т. 331, № 2.— , 2015-.— 2413-1830
Jazyk:ruština
Vydáno: 2020
Témata:
On-line přístup:http://earchive.tpu.ru/bitstream/11683/57939/1/bulletin_tpu-2020-v331-i2.pdf
https://doi.org/10.18799/24131830/2020/2
Médium: MixedMaterials Elektronický zdroj Kniha
KOHA link:https://koha.lib.tpu.ru/cgi-bin/koha/opac-detail.pl?biblionumber=344526

MARC

LEADER 00000nlm2a2200000 4500
001 344526
005 20231102005656.0
035 |a (RuTPU)RU\TPU\book\376042 
090 |a 344526 
100 |a 20200228d2020 k y0rusy50 ca 
101 0 |a rus 
102 |a RU 
135 |a drcn ---uucaa 
181 0 |a i  
182 0 |a b 
200 0 |a Т. 331, № 2 
203 |a Текст  |c электронный 
210 |d 2020 
320 |a Библиогр. в конце статей 
461 1 |0 (RuTPU)RU\TPU\book\312844  |x 2413-1830  |t Известия Томского политехнического университета [Известия ТПУ]. Инжиниринг георесурсов  |f Национальный исследовательский Томский политехнический университет (ТПУ)  |v Т. 331, № 2  |d 2015-  
601 0 2 |a Национальный исследовательский Томский политехнический университет (ТПУ)  |c (2009- )  |2 stltpush  |3 (RuTPU)RU\TPU\col\15902 
606 1 |a Научно-технический потенциал  |2 stltpush  |3 (RuTPU)RU\TPU\subj\45166  |9 64427 
610 1 |a научные исследования 
610 1 |a труды учёных ТПУ 
610 1 |a геоэкология 
610 1 |a окружающая среда 
610 1 |a математические модели 
610 1 |a утилизация 
610 1 |a химические реакции 
610 1 |a экология 
610 1 |a гидрогеологические факторы 
610 1 |a газопроводы 
610 1 |a ресурсосберегающие технологии 
610 1 |a экосистемы 
610 1 |a экспериментальные исследования 
610 1 |a инженерно-геокриологические исследования 
610 1 |a геолого-технологическая информация 
610 1 |a энергетические исследования 
610 1 |a компьютерное моделирование 
610 1 |a нефтегазовый потенциал 
610 1 |a нефтяные месторождения 
610 1 |a метеорологический мониторинг 
610 1 |a городская среда 
610 1 |a природная среда 
610 1 |a акцессорные минералы 
610 1 |a газотурбинные надстройки 
610 1 |a редкоземельные элементы 
610 1 |a криолитозоны 
610 1 |a минералого-геохимическая характеристика 
610 1 |a однофазное замыкание 
610 1 |a призабойные зоны 
610 1 |a флуктуации 
675 |a 62  |v 3 
801 2 |a RU  |b 63413507  |c 20200429  |g RCR 
856 4 0 |u http://earchive.tpu.ru/bitstream/11683/57939/1/bulletin_tpu-2020-v331-i2.pdf 
856 4 0 |u https://doi.org/10.18799/24131830/2020/2 
942 |c CF